LDR 00996nam a2200205 i 4500 001 000000243061 003 CaOOAMICUS 005 20150623000000.0 008 150623s1875 it u000 u ita u 013 $a221966 040 $aSeMil$bita 100 1 $aRiva, Giuseppe$b
.$0(OLS)http://semarc/name/89791 245 13$aLa Cristeulogia, ossia Le grandezze di Gesù Cristo esposte in diversi discorsi dogmatici, morali, storici e polemici /$cdel sacerdote milanese Giuseppe Riva. 260 $aMilano :$bSerafino Majocchi,$c1875. 300 $a386 p. ;$c19 cm. 650 4$aCristologia.$0(OLS)http://semarc/subject/173 850 $aSeMil 852 $aSeMil$W1$xVenegono$y1$m3F II 387 FA$j193407$B193407$CSeMilBibl$Z2$F204191 $8I 996 $6245$aLa Cristeulogia, ossia Le grandezze di Gesù Cristo esposte in diversi discorsi dogmatici, morali, storici e polemici$9(OLS)http://semarc/title/344842 996 $6260$aMilano :$bSerafino Majocchi$9(OLS)http://semarc/publisher/33118